SSRİ-nin ən böyük şəhərləri (Xəritəli) - Statistics

General Stats
  • This quiz has been taken 13 times
  • The average score is 9 of 25
Answers on the Map
Answers color-coded by a green-red scale on the quiz's map according to % correct below.
 
Answer Stats
Əhali Şəhər % Correct
1,150,055 Bakı
100%
8,967,332 Moskva
100%
1,100,372 İrəvan
71%
2,587,945 Kiyev
71%
1,607,000 Minsk
71%
1,259,692 Tbilisi
71%
1,071,900 Almatı
57%
1,109,100 Donetsk
43%
1,094,378 Kazan
43%
5,023,500 Leninqrad
43%
1,115,371 Odessa
43%
915,106 Riqa
43%
2,079,000 Daşkənd
29%
1,082,052 Ufa
29%
1,254,460 Kuybışev
14%
1,436,516 Novosibirsk
14%
1,090,944 Perm
14%
1,438,133 Qorki
14%
1,019,305 Rostov-na-Donu
14%
1,022,578 Volqoqrad
14%
1,141,777 Çelyabinsk
0%
1,178,000 Dnepropetrovsk
0%
1,148,418 Omsk
0%
1,364,621 Sverdlovsk
0%
1,593,970 Xarkov
0%
No matching quizzes found
Score Distribution
Percent of People with Each Score
Percentile by Number Answered
Your Score History
You have not taken this quiz